000
00310nam a22001337a 4500
008
171218b xxu||||| |||| 00| 0 eng d
020
_a
9780781723596
041
_a
eng
080
_a
61
100
_a
3
101
_a
SHM
245
_a
THE WASHINGTON MANUAL OF MEDICAL THERAPEUTICS
_c
LOUIS.S
942
_2
udc
_c
BK
999
_c
39076
_d
39076